Spriahnuté drevo-betónové nosné sústavy a ich použitie v praxi

Bibliographic Details
Main Author: Kanócz, Ján (Author)
Format: Article
Language:Slovak

MARC

LEADER 00000nab a2200000ua 4500
001 vtls010856682
003 SK-MaSNL
005 20260303141228.0
008 230222s2007 xo |||||||||||||||||slo|
035 |a (urnnbn)urn:nbn:sk:snk:ar-a07kvy 
035 |a urn:nbn:sk:snk-ab6fpt 
035 |a (uuid)f97f67a4-e09f-42fa-82cf-249891c220cd 
040 |a SNKBUCL  |b slo  |c SNKBUCL  |e AACR2 
041 0 |a slo 
044 |a xo  |c SK 
100 1 |a Kanócz, Ján  |4 aut  |9 410892 
245 1 0 |a Spriahnuté drevo-betónové nosné sústavy a ich použitie v praxi  |c Ján Kanócz 
773 0 |t Stavebné materiály : technológie, výrobky, konštrukcie  |g Roč. 3, č. 6 (2007), s. 42-43 
954 |a odborná, vedecká literatúra pôvodná (slovenská)  |2 lita 
958 |a OND 
958 |a EUIPO 
958 |a article5 
999 |c 1974813  |d 1976743